[Event "IMSA World Masters Blitz"]
[Site "Hengshui CHN"]
[Date "2019.05.17"]
[Round "9.1"]
[White "Bu, Xiangzhi"]
[Black "Korobov, Anton"]
[Result "1/2-1/2"]
[WhiteTitle "GM"]
[BlackTitle "GM"]
[WhiteElo "2729"]
[BlackElo "2687"]
[WhiteFideId "8601445"]
[BlackFideId "14105730"]
[EventDate "2019.05.17"]

1. Nf3 d5 2. d4 Nf6 3. c4 c6 4. Nc3 dxc4 5. a4 a5 6. e3 Bg4 7. Bxc4 e6 8. O-O
Nbd7 9. h3 Bh5 10. Qe2 Bb4 11. Rd1 O-O 12. e4 h6 13. e5 Nd5 14. Nxd5 exd5 15.
Bd3 Re8 16. g4 Bg6 17. Bxg6 fxg6 18. Ne1 Nf8 19. Nd3 Ne6 20. Be3 g5 21. Rf1 Rf8
22. f4 gxf4 23. Nxf4 Qe8 24. Nxe6 Qxe6 25. Qd3 h5 26. Rf5 hxg4 27. hxg4 g6 28.
Rxf8+ Rxf8 29. Qe2 c5 30. Rf1 c4 31. Rxf8+ Bxf8 32. Qf3 Qf7 33. Kf2 Qxf3+ 34.
Kxf3 Kf7 35. Bg5 Ke6 36. Ke2 Bb4 37. Bd2 Kd7 38. Bxb4 axb4 39. Kd2 Ke6 40. Kc2
b6 41. Kd2 Kd7 42. Kc2 Ke6 43. Kd2 1/2-1/2

[Event "IMSA World Masters Blitz"]
[Site "Hengshui CHN"]
[Date "2019.05.17"]
[Round "9.2"]
[White "Rapport, Richard"]
[Black "Leko, Peter"]
[Result "1/2-1/2"]
[WhiteTitle "GM"]
[BlackTitle "GM"]
[WhiteElo "2736"]
[BlackElo "2674"]
[WhiteFideId "738590"]
[BlackFideId "703303"]
[EventDate "2019.05.17"]

1. e4 e5 2. Nf3 Nc6 3. Nc3 Nf6 4. d4 exd4 5. Nxd4 Bb4 6. Nxc6 bxc6 7. Bd3 O-O 8.
O-O d5 9. exd5 cxd5 10. Bg5 c6 11. Qf3 h6 12. Bxf6 Qxf6 13. Qxf6 gxf6 14. Ne2
Bd6 15. Rad1 Bg4 16. h3 Bxe2 17. Bxe2 Rab8 18. b3 Rfe8 19. Bg4 Re7 20. Rfe1
Rxe1+ 21. Rxe1 Rd8 22. Kf1 Kf8 23. Bf5 Re8 24. Rxe8+ Kxe8 25. Ke2 Ke7 26. Kd3
Bc5 27. Ke2 Bd6 28. Kd3 Bc5 29. Ke2 Bd6 30. Kd3 Bc5 1/2-1/2

[Event "IMSA World Masters Blitz"]
[Site "Hengshui CHN"]
[Date "2019.05.17"]
[Round "9.4"]
[White "Vidit, Santosh Gujrathi"]
[Black "Dominguez Perez, Leinier"]
[Result "1/2-1/2"]
[WhiteTitle "GM"]
[BlackTitle "GM"]
[WhiteElo "2707"]
[BlackElo "2750"]
[WhiteFideId "5029465"]
[BlackFideId "3503240"]
[EventDate "2019.05.17"]

1. d4 Nf6 2. c4 e6 3. g3 d5 4. Bg2 Be7 5. Nf3 O-O 6. Nc3 dxc4 7. Ne5 c5 8. dxc5
Qxd1+ 9. Nxd1 Bxc5 10. Ne3 c3 11. bxc3 Nbd7 12. Nd3 Rb8 13. Nc4 b6 14. Bf4 Bb7
15. Bxb8 Bxg2 16. Bd6 Bxh1 17. Bxf8 Kxf8 18. f3 g5 19. Nxc5 Nxc5 20. Kf2 Nfe4+
21. fxe4 Bxe4 22. Ke3 Ke7 23. Ne5 Bb7 24. Nd3 Na4 25. c4 f6 26. Rc1 Kd6 27. h4
h6 28. Kd4 e5+ 29. Ke3 f5 30. hxg5 hxg5 31. Kd2 Be4 32. Nf2 Nc5 33. Rd1 Ke6 34.
Kc3 g4 35. e3 Ke7 36. Kb4 Bf3 37. Rd2 Bc6 38. Rd1 Na6+ 39. Ka3 Nc5 40. Nd3 Nd7
41. Rd2 Be4 42. Nb4 Ke6 43. Rh2 Nc5 44. Rh6+ Kf7 45. Nd5 Kg7 46. Rd6 Bf3 47. Nc3
Kf7 48. Kb2 f4 49. exf4 exf4 50. gxf4 g3 51. f5 g2 52. Rg6 Nd3+ 53. Kb3 Nf4 54.
Rg3 Nh3 55. Rxh3 g1=Q 56. Rxf3 Qd4 57. a4 Qd2 58. f6 Qe1 59. Rf5 Qd2 60. Rd5 Qe1
61. Rd7+ Kxf6 62. Rxa7 Ke6 63. Ra6 Kd7 64. Rxb6 Kc7 65. a5 Qg3 66. Kb4 Qe1 67.
Rf6 Kb7 68. Rb6+ Kc7 69. Kb3 Qe3 70. Rb5 Kc6 71. Rb6+ Kc7 72. Rb4 Kc6 73. a6 Kc7
74. Ra4 Kb8 75. a7+ Ka8 76. Ra6 Qg3 77. Kb4 Qe1 78. Ra2 Qe7+ 79. c5 Qe1 80. c6
Qe7+ 81. Kb5 Qe5+ 82. Kc4 Qe6+ 83. Kc5 Qe7+ 84. Kd5 Qf7+ 85. Kc5 Qe7+ 86. Kb5
Qe5+ 87. Kc4 Qe6+ 88. Kc5 Qe7+ 89. Kb5 Qe5+ 90. Kc4 Qe6+ 91. Nd5 Qxc6+ 92. Kd4
Qd6 93. Ra5 Qd8 94. Ra6 Kb7 95. Ra3 Qh4+ 96. Kc5 Qf2+ 97. Kc4 Qxa7 98. Rxa7+
Kxa7 1/2-1/2

[Event "IMSA World Masters Blitz"]
[Site "Hengshui CHN"]
[Date "2019.05.17"]
[Round "9.5"]
[White "Gelfand, Boris"]
[Black "Cheparinov, Ivan"]
[Result "1-0"]
[WhiteTitle "GM"]
[BlackTitle "GM"]
[WhiteElo "2676"]
[BlackElo "2667"]
[WhiteFideId "2805677"]
[BlackFideId "2905540"]
[EventDate "2019.05.17"]

1. c4 f5 2. d4 Nf6 3. Nf3 g6 4. e3 d6 5. Be2 Bg7 6. O-O O-O 7. Nc3 c5 8. b3 Na6
9. Bb2 Bd7 10. Rc1 Qe8 11. dxc5 Nxc5 12. Nd5 Nxd5 13. Qxd5+ Qf7 14. Bxg7 Kxg7
15. Qd2 Ne4 16. Qb2+ Qf6 17. Nd4 a5 18. f4 e5 19. Nf3 Rfe8 20. Bd3 Nc5 21. Bb1
Bc6 22. Rcd1 Re7 23. Rd2 Rae8 24. fxe5 dxe5 25. a3 Bxf3 26. Rxf3 e4 27. Rf1 Qxb2
28. Rxb2 Rd8 29. b4 Nd3 30. Rd2 Red7 31. Rfd1 axb4 32. axb4 Kf6 33. Bxd3 Rxd3
34. Rxd3 exd3 35. Kf2 Ke5 36. Kf3 g5 37. c5 g4+ 38. Kf2 Ke4 39. b5 Ra8 40. Rd2
Ra3 41. Rb2 Rc3 42. Rb4+ Kd5 43. c6 b6 44. Rd4+ Kc5 45. Rxd3 Rc2+ 46. Kg3 Kxb5
47. Rd5+ Kxc6 48. Rxf5 b5 49. Rf8 b4 50. Rc8+ 1-0

[Event "IMSA World Masters Blitz"]
[Site "Hengshui CHN"]
[Date "2019.05.17"]
[Round "9.7"]
[White "Ponomariov, Ruslan"]
[Black "Jones, Gawain C B"]
[Result "1/2-1/2"]
[WhiteTitle "GM"]
[BlackTitle "GM"]
[WhiteElo "2675"]
[BlackElo "2702"]
[WhiteFideId "14103320"]
[BlackFideId "409561"]
[EventDate "2019.05.17"]

1. e4 e5 2. Bc4 Nf6 3. d3 Nc6 4. Nf3 Bc5 5. O-O d6 6. c3 a6 7. a4 Ba7 8. Nbd2
O-O 9. Re1 h6 10. h3 Ne7 11. d4 Nc6 12. dxe5 Nxe5 13. Nxe5 dxe5 14. Qf3 Qe7 15.
Bf1 Be6 16. Nc4 Nd7 17. b3 Rfd8 18. Ba3 Qg5 19. g3 Nc5 20. h4 Qf6 21. Qxf6 gxf6
22. Bxc5 Bxc5 23. b4 Ba7 24. Rad1 Kf8 25. Na5 Rxd1 26. Rxd1 Rb8 27. Be2 Ke7 28.
Kg2 Bb6 29. Nc4 Ba7 30. Na5 Bb6 31. Nc4 Ba7 32. Na5 1/2-1/2

[Event "IMSA World Masters Blitz"]
[Site "Hengshui CHN"]
[Date "2019.05.17"]
[Round "10.2"]
[White "Leko, Peter"]
[Black "Rapport, Richard"]
[Result "1/2-1/2"]
[WhiteTitle "GM"]
[BlackTitle "GM"]
[WhiteElo "2674"]
[BlackElo "2736"]
[WhiteFideId "703303"]
[BlackFideId "738590"]
[EventDate "2019.05.17"]

1. d4 d5 2. c4 c6 3. cxd5 cxd5 4. Nc3 Nf6 5. Nf3 Nc6 6. Bf4 Bf5 7. e3 e6 8. Bd3
Bxd3 9. Qxd3 Bd6 10. Bxd6 Qxd6 11. O-O O-O 12. Rac1 Rfc8 13. h3 Ne7 14. Rc2 Qd8
15. Rfc1 h6 16. Ne2 Rxc2 17. Rxc2 Rc8 18. Nc1 Rxc2 19. Qxc2 Qc8 20. Qxc8+ Nxc8
21. Nd3 Nd6 22. Kf1 Kf8 23. Ke2 Ke7 24. g4 g5 25. Nd2 Nd7 26. f3 Nb8 27. Nb1 Nd7
28. Nd2 Nb8 29. Nb1 Nd7 30. Nd2 Nb8 1/2-1/2

[Event "IMSA World Masters Blitz"]
[Site "Hengshui CHN"]
[Date "2019.05.17"]
[Round "10.3"]
[White "Yu, Yangyi"]
[Black "Andreikin, Dmitry"]
[Result "1/2-1/2"]
[WhiteTitle "GM"]
[BlackTitle "GM"]
[WhiteElo "2739"]
[BlackElo "2722"]
[WhiteFideId "8603820"]
[BlackFideId "4158814"]
[EventDate "2019.05.17"]

1. e4 e5 2. Nf3 Nc6 3. Bb5 Nf6 4. O-O Nxe4 5. Re1 Nd6 6. Nxe5 Be7 7. Bf1 Nf5 8.
Nc3 Nxe5 9. Rxe5 d6 10. Re1 d5 11. d4 c6 12. Ne2 O-O 13. c3 Re8 14. Bf4 Be6 15.
Qd2 Qd7 16. a4 a5 17. Nc1 Nd6 18. Nd3 Ne4 19. Qd1 Bf5 20. Ne5 Qc8 21. Bd3 Nd6
22. Bf1 Ne4 23. Bd3 Nd6 24. Bf1 Ne4 25. Bd3 Nd6 26. Bf1 1/2-1/2

[Event "IMSA World Masters Blitz"]
[Site "Hengshui CHN"]
[Date "2019.05.17"]
[Round "10.7"]
[White "Jones, Gawain C B"]
[Black "Ponomariov, Ruslan"]
[Result "0-1"]
[WhiteTitle "GM"]
[BlackTitle "GM"]
[WhiteElo "2702"]
[BlackElo "2675"]
[WhiteFideId "409561"]
[BlackFideId "14103320"]
[EventDate "2019.05.17"]

1. e4 e5 2. d4 exd4 3. Nf3 Nc6 4. Bc4 Bc5 5. c3 Nf6 6. e5 d5 7. Bb5 Ne4 8. cxd4
Bb6 9. Nc3 Bg4 10. Be3 O-O 11. h3 Bh5 12. Qc2 Ba5 13. Bxc6 bxc6 14. O-O Bxc3 15.
bxc3 f6 16. Nd2 Bg6 17. Nxe4 Bxe4 18. Qa4 Qd7 19. Bf4 g5 20. Bg3 fxe5 21. dxe5
Rf7 22. f3 Bf5 23. Qd4 a6 24. Rae1 Qe6 25. Rf2 Rb8 26. a4 Rb3 27. h4 h6 28. Rd2
Rg7 29. hxg5 hxg5 30. Rc1 g4 31. f4 Qe7 32. Qa7 Qa3 33. Qa8+ Kf7 34. Re1 Rxc3
35. e6+ Bxe6 36. Bf2 g3 37. Bd4 Rc1 38. Rdd1 Rxd1 39. Rxd1 Rg8 40. Qxc6 Qd6 41.
Qc2 Ke8 42. Re1 Kd7 43. Qh7+ Kc8 44. f5 Qf4 45. Be3 Qxf5 46. Qh6 Kd7 47. Bd4 Rg4
48. Qh8 Re4 49. Qg7+ Qf7 50. Rxe4 Qxg7 51. Bxg7 dxe4 52. Be5 e3 53. Bxg3 Bg4 54.
Bf4 e2 55. Kf2 c5 56. Be3 Kc6 57. Ke1 Kd5 58. Kd2 Kc4 59. Bf2 Kb4 60. a5 c4 61.
Bb6 c3+ 62. Ke1 Kb3 63. Be3 c2 64. Bc1 Ka2 65. Kd2 Kb1 66. Ba3 Bh5 67. g3 Bg4 0-1

[Event "IMSA World Masters Blitz"]
[Site "Hengshui CHN"]
[Date "2019.05.17"]
[Round "11.2"]
[White "Yu, Yangyi"]
[Black "Rapport, Richard"]
[Result "1-0"]
[WhiteTitle "GM"]
[BlackTitle "GM"]
[WhiteElo "2739"]
[BlackElo "2736"]
[WhiteFideId "8603820"]
[BlackFideId "738590"]
[EventDate "2019.05.17"]

1. e4 d6 2. d4 Nf6 3. Nc3 e5 4. dxe5 dxe5 5. Qxd8+ Kxd8 6. Bc4 Ke8 7. f3 c6 8.
Nge2 Bc5 9. Bd2 Nbd7 10. a4 a5 11. Nc1 Ke7 12. Nd3 Bd6 13. Be3 Nf8 14. Nb1 Be6
15. Nd2 N6d7 16. Ke2 Bc7 17. Rhd1 Bxc4 18. Nxc4 Ne6 19. c3 Rhb8 20. b4 axb4 21.
cxb4 b5 22. axb5 Rxa1 23. Rxa1 cxb5 24. Na5 Nd8 25. Rc1 Bd6 26. g3 f6 27. f4
exf4 28. gxf4 Ke8 29. h4 g6 30. h5 Be7 31. Kf3 f5 32. hxg6 hxg6 33. Nc6 Rc8 34.
Nd4 fxe4+ 35. Kxe4 Nf6+ 36. Kf3 Rxc1 37. Bxc1 Nd5 38. Bd2 Nc7 39. Ne5 Nd5 40.
Nd3 Nc7 41. Ke4 Nf7 42. Kf3 Nd8 43. Ne5 Nd5 44. Nc2 Bd6 45. Nxg6 Nc6 46. Ke4
Ncxb4 47. Nd4 Ne7 48. Nxb5 Bc5 49. Nc7+ Kd7 50. Nxe7 Bxe7 51. Nb5 Na6 52. Kf5
Nc5 53. Be3 Nd3 54. Ke4 Nxf4 55. Bxf4 Kc6 56. Nd4+ Kd7 57. Kd5 Bf6 58. Nb3 Ke7
59. Nc5 Kf7 60. Ne4 Ke7 61. Bd6+ Kf7 62. Kc6 Ke6 63. Nc5+ Kf5 64. Kd5 Bb2 65.
Nd3 Bf6 66. Nc5 Bb2 67. Ne4 Bf6 68. Ng3+ Kg6 69. Ke6 Bb2 70. Be7 Bc3 71. Ne2 Bd2
72. Nd4 Bc3 73. Nf5 Kh5 74. Ne3 Bd4 75. Nc2 Bf2 76. Kf5 Kh6 77. Bf6 Kh7 78. Nb4
Bc5 79. Nd3 Bd6 80. Ke6 Kg6 81. Bd4 Bg3 82. Be3 Bc7 83. Nb4 Bg3 84. Nd5 Bh2 85.
Ne7+ Kg7 86. Bd4+ Kf8 87. Nf5 Kg8 88. Bg7 Bg1 89. Kf6 Bc5 90. Kg6 1-0

[Event "IMSA World Masters Blitz"]
[Site "Hengshui CHN"]
[Date "2019.05.17"]
[Round "11.3"]
[White "Leko, Peter"]
[Black "Vidit, Santosh Gujrathi"]
[Result "1/2-1/2"]
[WhiteTitle "GM"]
[BlackTitle "GM"]
[WhiteElo "2674"]
[BlackElo "2707"]
[WhiteFideId "703303"]
[BlackFideId "5029465"]
[EventDate "2019.05.17"]

1. e4 e5 2. Nf3 Nc6 3. Bb5 a6 4. Ba4 Nf6 5. O-O Nxe4 6. d4 b5 7. Bb3 d5 8. dxe5
Be6 9. Nbd2 Be7 10. c3 O-O 11. Bc2 f5 12. Nb3 Qd7 13. Nbd4 Nxd4 14. Nxd4 c5 15.
Nxe6 Qxe6 16. f3 Ng5 17. a4 Rad8 18. axb5 axb5 19. Bxg5 Bxg5 20. f4 Be7 21. Qf3
c4 22. b3 d4 23. bxc4 bxc4 24. cxd4 Rxd4 25. Rad1 Rfd8 26. Rxd4 Rxd4 27. Rd1
Rxd1+ 28. Qxd1 g6 29. g3 Qc6 30. h4 Kg7 31. Kh2 Qb6 32. Kg2 Qe3 33. Qf3 Qd2+ 34.
Qf2 Qd5+ 35. Qf3 Qd4 36. Qf2 Qc3 37. Bd1 Qd3 38. Bc2 Qd5+ 39. Qf3 Qd2+ 40. Qf2
Qd5+ 41. Qf3 1/2-1/2

[Event "IMSA World Masters Blitz"]
[Site "Hengshui CHN"]
[Date "2019.05.17"]
[Round "11.7"]
[White "Mamedov, Rauf"]
[Black "Dominguez Perez, Leinier"]
[Result "0-1"]
[WhiteTitle "GM"]
[BlackTitle "GM"]
[WhiteElo "2650"]
[BlackElo "2750"]
[WhiteFideId "13401653"]
[BlackFideId "3503240"]
[EventDate "2019.05.17"]

1. e4 e5 2. Nf3 Nc6 3. d4 exd4 4. Bc4 Bc5 5. Ng5 Nh6 6. Nxf7 Nxf7 7. Bxf7+ Kxf7
8. Qh5+ g6 9. Qxc5 d5 10. O-O dxe4 11. c3 Qd6 12. Qxd6 cxd6 13. cxd4 Nxd4 14.
Nc3 Bg4 15. Nxe4 Nc2 16. f3 Nxa1 17. fxg4+ Ke6 18. Bh6 Nc2 19. Rd1 Nb4 20. Bg7
Rhd8 21. Ng5+ Kd7 22. a3 Nc6 23. Nxh7 Kc7 24. Ng5 Re8 25. h4 Ne5 26. Rd4 Rg8 27.
Bf6 Kc6 28. h5 gxh5 29. gxh5 Rae8 30. Rh4 Nd7 31. Nh7 Re2 32. Rh2 Nc5 0-1

[Event "IMSA World Masters Blitz"]
[Site "Hengshui CHN"]
[Date "2019.05.17"]
[Round "11.8"]
[White "Jones, Gawain C B"]
[Black "Cheparinov, Ivan"]
[Result "1-0"]
[WhiteTitle "GM"]
[BlackTitle "GM"]
[WhiteElo "2702"]
[BlackElo "2667"]
[WhiteFideId "409561"]
[BlackFideId "2905540"]
[EventDate "2019.05.17"]

1. e4 c6 2. d4 d5 3. e5 c5 4. Nf3 cxd4 5. Nxd4 Nc6 6. c4 e6 7. Nc3 Bb4 8. Nxc6
bxc6 9. Qa4 a5 10. cxd5 Qxd5 11. Qxb4 axb4 12. Nxd5 exd5 13. Be3 f6 14. Rc1 Rxa2
15. Rxc6 Bd7 16. Rd6 Rxb2 17. e6 Ba4 18. Ra6 Rb1+ 19. Kd2 Rd1+ 20. Ke2 Ra1 21.
Kf3 Bd1+ 22. Kg3 Rxa6 23. Bxa6 Bc2 24. Bc5 b3 25. Bb5+ Kd8 26. Ra1 Ne7 27. Ra8+
Nc8 28. Bd6 1-0

[Event "IMSA World Masters Blitz"]
[Site "Hengshui CHN"]
[Date "2019.05.17"]
[Round "12.4"]
[White "Korobov, Anton"]
[Black "Gelfand, Boris"]
[Result "1/2-1/2"]
[WhiteTitle "GM"]
[BlackTitle "GM"]
[WhiteElo "2687"]
[BlackElo "2676"]
[WhiteFideId "14105730"]
[BlackFideId "2805677"]
[EventDate "2019.05.17"]

1. d4 Nf6 2. c4 e6 3. Nc3 Bb4 4. e3 O-O 5. Bd3 c5 6. Nf3 d5 7. O-O dxc4 8. Bxc4
cxd4 9. exd4 b6 10. Bg5 Bb7 11. Re1 Nbd7 12. Rc1 Rc8 13. Bd3 Be7 14. Qe2 Nd5 15.
Qe4 g6 16. Qh4 Bxg5 17. Nxg5 N7f6 18. Qh6 Nxc3 19. bxc3 Qd6 20. h3 Rfe8 21. Re5
Qf8 22. Qh4 h6 23. Nf3 Nd7 24. Re3 Kg7 25. Bb5 Bc6 26. Ba6 Rcd8 27. c4 Bxf3 28.
Rxf3 Qe7 29. Qg3 Qg5 30. Qxg5 hxg5 31. c5 Nb8 32. Bb5 Re7 33. cxb6 axb6 34. Rc4
Ra7 35. a4 Nd7 36. Rc6 Rb8 37. Rfc3 Nf6 38. Rc7 Rbb7 39. Rxb7 Rxb7 40. Rc6 Nd5
41. g3 Ne7 42. Rc1 Ra7 43. Kg2 Kf6 44. Kf3 Nd5 45. Rc6 Ke7 46. Kg4 Kf6 47. Kf3
Ke7 48. Kg4 Kf6 49. Kf3 Ke7 1/2-1/2

[Event "IMSA World Masters Blitz"]
[Site "Hengshui CHN"]
[Date "2019.05.17"]
[Round "12.7"]
[White "Dominguez Perez, Leinier"]
[Black "Mamedov, Rauf"]
[Result "1-0"]
[WhiteTitle "GM"]
[BlackTitle "GM"]
[WhiteElo "2750"]
[BlackElo "2650"]
[WhiteFideId "3503240"]
[BlackFideId "13401653"]
[EventDate "2019.05.17"]

1. e4 c5 2. Nf3 d6 3. d4 Nf6 4. Nc3 cxd4 5. Nxd4 g6 6. Be3 Bg7 7. f3 Nc6 8. Qd2
O-O 9. O-O-O d5 10. Qe1 e5 11. Nxc6 bxc6 12. exd5 Nxd5 13. Bc4 Be6 14. Kb1 a5
15. Ne4 f5 16. Ng5 Qe7 17. Nxe6 Qxe6 18. Bc5 Rfb8 19. Qd2 Kh8 20. Bxd5 cxd5 21.
Qxd5 Qf6 22. Qd6 Qg5 23. g3 Qh5 24. Qd5 e4 25. Bd4 Qxf3 26. Bxg7+ Kxg7 27. Qe5+
Kh6 28. Rhf1 Qe2 29. b3 Rc8 30. Qf4+ Kg7 31. Rd7+ Kg8 32. Rc1 Qb5 33. Qd6 Qc6
34. Qe7 1-0

[Event "IMSA World Masters Blitz"]
[Site "Hengshui CHN"]
[Date "2019.05.18"]
[Round "13.1"]
[White "Vidit, Santosh Gujrathi"]
[Black "Bu, Xiangzhi"]
[Result "1/2-1/2"]
[WhiteTitle "GM"]
[BlackTitle "GM"]
[WhiteElo "2707"]
[BlackElo "2729"]
[WhiteFideId "5029465"]
[BlackFideId "8601445"]
[EventDate "2019.05.17"]

1. d4 d5 2. c4 c6 3. Nf3 Nf6 4. Nc3 e6 5. Bg5 Nbd7 6. e3 Qa5 7. Nd2 dxc4 8. Bxf6
Nxf6 9. Nxc4 Qc7 10. Rc1 Be7 11. g3 O-O 12. Bg2 Rd8 13. O-O Nd5 14. a3 Nxc3 15.
Rxc3 a5 16. Qc2 Bd7 17. h4 Be8 18. Rc1 g6 19. Ne5 Bf6 20. Nd3 e5 21. dxe5 Bxe5
22. Nxe5 Qxe5 23. Rd1 Rxd1+ 24. Qxd1 Qf6 25. Qc2 Rd8 26. Rc4 Rd6 27. Rf4 Qd8 28.
Qc3 h5 29. Rd4 Rxd4 30. exd4 Bd7 31. d5 cxd5 32. Bxd5 b6 33. Qe5 Be8 34. Kh2 Kh7
35. Kg1 Kg8 36. Kh2 Kh7 37. f4 Qd7 38. Kg1 Kg8 39. Kf2 Kf8 40. Ke3 Qe7 41. Qxe7+
Kxe7 42. Kd4 Kd6 43. b4 axb4 44. axb4 f6 45. Bb3 Bd7 46. Bf7 Bf5 47. Bc4 Bd7 48.
Bd3 Be8 49. Be4 Bf7 50. Bd3 Be8 51. Bc4 Bd7 52. Bd3 Be8 53. Bc2 Bf7 54. Bd3 Be8
55. Bc2 Bf7 56. Bd3 Be8 57. Bc2 Bf7 1/2-1/2

[Event "IMSA World Masters Blitz"]
[Site "Hengshui CHN"]
[Date "2019.05.18"]
[Round "13.2"]
[White "Rapport, Richard"]
[Black "Fedoseev, Vladimir3"]
[Result "1-0"]
[WhiteTitle "GM"]
[BlackTitle "GM"]
[WhiteElo "2736"]
[BlackElo "2683"]
[WhiteFideId "738590"]
[BlackFideId "24130737"]
[EventDate "2019.05.17"]

1. Nf3 d5 2. g3 Nf6 3. Bg2 g6 4. c4 c6 5. b3 Bg7 6. Bb2 O-O 7. O-O b6 8. d4 Bb7
9. Nc3 e6 10. Qc2 Nbd7 11. Rad1 Qc8 12. e4 dxe4 13. Ng5 e3 14. fxe3 c5 15. Nce4
Nxe4 16. Nxe4 Bxe4 17. Qxe4 Rb8 18. Qf4 b5 19. Rc1 bxc4 20. Rxc4 Qa6 21. Ra4 Qb6
22. Ba3 e5 23. Qg4 f5 24. dxc5 Qc7 25. Qc4+ Kh8 26. Ra6 e4 27. Qa4 Ra8 28. Rc6
Qb8 29. Re6 Ne5 30. c6 Re8 31. c7 Qc8 32. Rxe8+ Qxe8 33. Qxe8+ Rxe8 34. Rc1 Rc8
35. Bd6 Nf7 36. Bf4 g5 37. Bh3 g4 38. Bf1 Be5 39. Bxe5+ Nxe5 40. Ba6 1-0

[Event "IMSA World Masters Blitz"]
[Site "Hengshui CHN"]
[Date "2019.05.18"]
[Round "13.3"]
[White "Korobov, Anton"]
[Black "Andreikin, Dmitry"]
[Result "1/2-1/2"]
[WhiteTitle "GM"]
[BlackTitle "GM"]
[WhiteElo "2687"]
[BlackElo "2722"]
[WhiteFideId "14105730"]
[BlackFideId "4158814"]
[EventDate "2019.05.17"]

1. d4 Nf6 2. c4 e6 3. Nf3 d5 4. Nc3 Nbd7 5. cxd5 exd5 6. Bf4 c6 7. h3 Nb6 8. e3
Bf5 9. Be2 Bd6 10. Ne5 Qe7 11. O-O O-O 12. Qb3 Ne4 13. Nxe4 Bxe4 14. a4 f6 15.
Nd3 Nc4 16. Bxd6 Nxd6 17. Nc5 Bg6 18. a5 a6 19. Rae1 Rae8 20. Qc3 Ne4 21. Nxe4
Bxe4 22. b4 Qf7 23. f3 Bf5 24. Bd1 Kh8 25. Bb3 Qg6 26. Kh2 Bd3 27. Rf2 Bb5 28.
e4 Qh6 29. Qe3 Qxe3 30. Rxe3 f5 31. e5 f4 32. Re1 Bd3 33. g4 Re6 34. g5 Bf5 35.
h4 h5 36. Bc2 g6 37. Bxf5 Rxf5 38. Rc2 Rf8 39. Rec1 Ra8 40. Kg2 Kg7 41. Kh2 Kf7
42. Kg2 Ke7 43. Kf2 Kd7 44. Ke2 Ra7 45. Kd3 Ra8 46. Rc3 Ra7 47. R3c2 Ra8 48. Rc3
Ra7 1/2-1/2

[Event "IMSA World Masters Blitz"]
[Site "Hengshui CHN"]
[Date "2019.05.18"]
[Round "13.6"]
[White "Yu, Yangyi"]
[Black "Jones, Gawain C B"]
[Result "0-1"]
[WhiteTitle "GM"]
[BlackTitle "GM"]
[WhiteElo "2739"]
[BlackElo "2702"]
[WhiteFideId "8603820"]
[BlackFideId "409561"]
[EventDate "2019.05.17"]

1. c4 g6 2. g3 Bg7 3. Bg2 c5 4. Nc3 Nc6 5. Nf3 d6 6. O-O e6 7. e3 Nge7 8. d4 O-O
9. Re1 Rb8 10. b3 e5 11. dxe5 dxe5 12. Ba3 Qa5 13. Qc1 e4 14. Nxe4 f5 15. Bb2
fxe4 16. Ng5 Ne5 17. Bxe4 Bf5 18. Qc2 h6 19. f4 hxg5 20. Bxe5 Bxe5 21. fxe5 Qc7
22. Bxf5 Rxf5 23. Rad1 Qxe5 24. Rd7 Rbf8 25. Rxb7 Qf6 26. Qd3 Rf2 27. Rxa7 Qf3 0-1

[Event "IMSA World Masters Blitz"]
[Site "Hengshui CHN"]
[Date "2019.05.18"]
[Round "13.7"]
[White "Ponomariov, Ruslan"]
[Black "Mamedov, Rauf"]
[Result "1/2-1/2"]
[WhiteTitle "GM"]
[BlackTitle "GM"]
[WhiteElo "2675"]
[BlackElo "2650"]
[WhiteFideId "14103320"]
[BlackFideId "13401653"]
[EventDate "2019.05.17"]

1. e4 c5 2. Nf3 Nc6 3. d4 cxd4 4. Nxd4 g6 5. c4 Nf6 6. Nc3 Nxd4 7. Qxd4 d6 8. f3
Bg7 9. Be3 O-O 10. Qd2 a5 11. Be2 a4 12. O-O Be6 13. Rab1 Nd7 14. b4 axb3 15.
axb3 Qa5 16. b4 Qa3 17. Rfc1 Rfc8 18. Nd5 Bxd5 19. exd5 h5 20. Rc2 b6 21. Bf2
Kh7 22. f4 Kg8 23. h3 Qa4 24. Bd3 Qa3 25. Kh2 Bh6 26. Be3 Bg7 27. Be2 Qa4 28.
Bf3 Qa3 29. Bf2 Bh6 30. Qd4 Bg7 31. Qe4 Re8 32. Qe2 Bh6 33. Be3 Bg7 34. Qd2 Rec8
35. Bf2 Bh6 36. Be3 Bg7 37. Bf2 Bh6 38. Be3 Bg7 39. Bf2 1/2-1/2

[Event "IMSA World Masters Blitz"]
[Site "Hengshui CHN"]
[Date "2019.05.18"]
[Round "14.1"]
[White "Bu, Xiangzhi"]
[Black "Vidit, Santosh Gujrathi"]
[Result "1/2-1/2"]
[WhiteTitle "GM"]
[BlackTitle "GM"]
[WhiteElo "2729"]
[BlackElo "2707"]
[WhiteFideId "8601445"]
[BlackFideId "5029465"]
[EventDate "2019.05.17"]

1. Nf3 d5 2. d4 Nf6 3. c4 e6 4. Nc3 Bb4 5. Bg5 h6 6. Bxf6 Qxf6 7. Qa4+ Nc6 8. e3
O-O 9. Be2 Bd7 10. Qb3 dxc4 11. Qxc4 Qe7 12. a3 Bd6 13. O-O e5 14. d5 Na5 15.
Qa2 e4 16. Nd4 c5 17. dxc6 Nxc6 18. Nxc6 Bxc6 19. g3 Be5 20. Rac1 Rad8 21. Rfd1
g6 22. Qb3 Kg7 23. Bc4 Qf6 24. Bd5 Bxc3 25. bxc3 Rfe8 26. c4 h5 27. h4 Qe5 28.
Rd4 Bxd5 29. cxd5 Rd7 30. Qa4 Red8 31. Rxe4 Qxd5 32. Rd4 Qf5 33. Qxa7 Rxd4 34.
exd4 Qd5 35. Rb1 Rd7 36. Qc5 Qxd4 37. Qxd4+ Rxd4 38. Rxb7 Rd1+ 39. Kg2 Ra1 40.
Rb3 Ra2 41. Kf3 f6 42. Rb7+ Kh6 43. Ra7 g5 44. a4 Kg6 45. a5 Ra3+ 46. Ke4 gxh4
47. gxh4 Ra4+ 48. Kd5 Rxh4 49. a6 Ra4 50. Ra8 h4 51. Kc5 Ra2 52. f3 h3 53. Kb6
Rb2+ 54. Kc6 Rc2+ 55. Kb6 Rb2+ 56. Kc6 1/2-1/2

[Event "IMSA World Masters Blitz"]
[Site "Hengshui CHN"]
[Date "2019.05.18"]
[Round "14.2"]
[White "Fedoseev, Vladimir3"]
[Black "Rapport, Richard"]
[Result "0-1"]
[WhiteTitle "GM"]
[BlackTitle "GM"]
[WhiteElo "2683"]
[BlackElo "2736"]
[WhiteFideId "24130737"]
[BlackFideId "738590"]
[EventDate "2019.05.17"]

1. e4 d6 2. d4 Nf6 3. Nc3 e5 4. Nf3 Nbd7 5. Bc4 Be7 6. a4 O-O 7. O-O c6 8. h3 h6
9. Re1 Re8 10. Be3 exd4 11. Bxd4 Nf8 12. Qd2 Be6 13. Bf1 Ng6 14. Be3 Bf8 15. a5
d5 16. a6 b6 17. e5 Nd7 18. Nd4 c5 19. Nxe6 fxe6 20. Nxd5 exd5 21. Qxd5+ Kh8 22.
f4 Ndxe5 23. Qxd8 Raxd8 24. fxe5 Rxe5 25. Bd3 Re6 26. Bxh6 Rxe1+ 27. Rxe1 gxh6
28. Bxg6 b5 29. b3 c4 30. bxc4 bxc4 31. Bf7 Rd2 32. Bxc4 Rxc2 33. Kh1 Rxc4 34.
Re6 Rd4 35. Re8 Kg7 36. Rc8 Bd6 37. g4 Rd3 38. Kg2 Rg3+ 39. Kf2 Rxh3 40. Ke2 Ra3
41. Rc6 Bf4 42. Re6 Bg5 43. Rc6 Be3 44. Kf3 Bb6+ 45. Ke4 Rxa6 0-1